000 00898nam a2200205 4500
005 20260226152803.0
008 260211b |||||||| |||| 00| 0 eng d
020 _a9788126700110 (hbk)
037 _cTB
040 _aCRL
_cCRL
084 _aO152,2:g(NT) P0
_qCRL
245 _aरंग कोलाज
260 _aनई दिल्ली, भारत:
_bराजकमल प्रकाशन,
_c2000.
300 _a178पृ.
365 _b595.00
_cINR
650 _aहिन्दी नाटक
_91115145
650 _aहिन्दी साहित्य
_91115146
942 _2CC
_n0
_cTB
_hO152,2:g(NT) P0
999 _c1679267
_d1679267